Statistiques concernant Départements dans un coq sur la carte de France

Cliquez ici pour prendre le quiz!

Statistiques générales

  • Ce quiz a été pris 8 531 fois
    (8 527 depuis la dernière actualisation)
  • Le résultat moyen est 23 sur 30

Réponses sur la Carte

Les réponses sont colorées sur une échelle allant du rouge au vert en fonction du pourcentage des utilisateurs qui les ont devinées à leur premier essai. Vous pouvez retrouver ces pourcentages ci-dessous.
 

Statistiques - réponses

Départements% Correct
Bouches-du-Rhône
89%
Hérault
88%
Gard
85%
Rhône
85%
Loire
84%
Pyrénées-Orientales
83%
Vaucluse
83%
Ardèche
81%
Cantal
81%
Tarn
81%
Aveyron
79%
Drôme
79%
Aude
78%
Creuse
78%
Isère
78%
Lot
78%
Tarn-et-Garonne
77%
Corrèze
76%
Hautes-Alpes
76%
Lozère
76%
Alpes-de-Haute-Provence
73%
Haute-Loire
72%
Puy-de-Dôme
72%
Ariège
70%
Dordogne
70%
Allier
69%
Ain
68%
Haute-Vienne
64%
Cher
62%
Indre
62%

Distribution des résultats

Percentile par nombre de réponses

% des personnes avec chaque résultat

Votre développement - résultats

Vous n’avez pas pris ce quiz depuis la dernière actualisation